[Event "Mecklenburg VP Seniors op 09th"]
[Site "Plau am See"]
[Date "2005.03.20"]
[Round "7"]
[White "Neumann, Reinhard"]
[Black "Burmeister, Wilfried"]
[Result "1/2-1/2"]
[WhiteElo "1568"]
[BlackElo "1617"]
[PlyCount "39"]
[EventDate "2005.03.14"]
[EventType "swiss"]
[EventRounds "7"]
[EventCountry "GER"]
[SourceTitle "EXT 2006"]
[Source "ChessBase"]
[SourceDate "2005.11.24"]
[SourceVersion "1"]
[SourceVersionDate "2005.11.24"]
[SourceQuality "1"]

1. e4 e6 2. d4 d5 3. Nd2 g6 4. Bd3 Bg7 5. e5 Ne7 6. Nb3 b6 7. Nf3 0-0 8. Bg5 h6 9. Bh4 Ba6 10. Qe2 Bxd3 11. Qxd3 a5 12. a4 Qe8 13. Bf6 Nd7 14. Bxg7 Kxg7 15. 0-0 c5 16. Qb5 cxd4 17. Nbxd4 Rc8 18. Rfe1 Rc5 19. Qd3 Qc8 20. c3 1/2-1/2

[Event "Mecklenburg VP Seniors op 09th"]
[Site "Plau am See"]
[Date "2005.03.18"]
[Round "5"]
[White "Kohn, Friedrich"]
[Black "Burmeister, Wilfried"]
[Result "0-1"]
[WhiteElo "1449"]
[BlackElo "1617"]
[PlyCount "78"]
[EventDate "2005.03.14"]
[EventType "swiss"]
[EventRounds "7"]
[EventCountry "GER"]
[SourceTitle "EXT 2006"]
[Source "ChessBase"]
[SourceDate "2005.11.24"]
[SourceVersion "1"]
[SourceVersionDate "2005.11.24"]
[SourceQuality "1"]

1. e4 e6 2. d3 c5 3. Qe2 Nc6 4. c3 d6 5. Nf3 Be7 6. g3 Bd7 7. Bg2 Nf6 8. 0-0 0-0 9. Na3 a6 10. Nc2 e5 11. Ne3 b5 12. Nd5 Be6 13. Nxe7+ Qxe7 14. b3 h6 15. Nd2 g5 16. f4 gxf4 17. gxf4 Bg4 18. Bf3 Bxf3 19. Qxf3 Nd7 20. f5 Qg5+ 21. Kh1 Kh7 22. Rg1 Qf6 23. Nf1 Rg8 24. Ng3 Qh4 25. Be3 Nf6 26. Rg2 Rg4 27. Kg1 Rag8 28. Kf2 Qh3 29. Rag1 h5 30. Ke2 h4 31. Nf1 Rxg2+ 32. Rxg2 Rxg2+ 33. Bf2 Qxf3+ 34. Kxf3 h3 35. Ne3 Rg8 36. Bh4 Nh5 37. Nd5 Rg2 38. Nf6+ Nxf6 39. Bxf6 Rxh2 0-1

[Event "Mecklenburg VP Seniors op 09th"]
[Site "Plau am See"]
[Date "2005.03.14"]
[Round "1"]
[White "Otto, Wilfried"]
[Black "Burmeister, Wilfried"]
[Result "1/2-1/2"]
[WhiteElo "1300"]
[BlackElo "1617"]
[PlyCount "63"]
[EventDate "2005.03.14"]
[EventType "swiss"]
[EventRounds "7"]
[EventCountry "GER"]
[SourceTitle "EXT 2006"]
[Source "ChessBase"]
[SourceDate "2005.11.24"]
[SourceVersion "1"]
[SourceVersionDate "2005.11.24"]
[SourceQuality "1"]

1. e4 e6 2. d4 d5 3. Nc3 Bb4 4. Nge2 Ne7 5. Bd2 Bd7 6. a3 Ba5 7. g3 0-0 8. Bg2 c6 9. 0-0 b5 10. b4 Bb6 11. Be3 a5 12. Na2 Na6 13. c3 a4 14. Nac1 Rc8 15. Nd3 h6 16. Qd2 Kh7 17. f3 Bc7 18. f4 f5 19. e5 h5 20. Bf3 Be8 21. Nf2 Ng8 22. Nh3 Qe7 23. Ng5+ Kh8 24. Kg2 Nh6 25. h3 Bd8 26. Rh1 g6 27. Ng1 Nf7 28. h4 Nxg5 29. hxg5 Kg7 30. Be2 Rh8 31. Nf3 Nc7 32. Rh2 1/2-1/2

[Event "GER Seniors Derby 02nd"]
[Site "Wesel/Heidelust"]
[Date "2003.03.15"]
[Round "5"]
[White "Hoffmann, Heinrich"]
[Black "Burmeister, Wilfried"]
[Result "1/2-1/2"]
[WhiteElo "1780"]
[BlackElo "1685"]
[PlyCount "110"]
[EventDate "2003.03.13"]
[EventType "swiss"]
[EventRounds "7"]
[EventCountry "GER"]
[SourceTitle "EXT 2006"]
[Source "ChessBase"]
[SourceDate "2005.11.24"]
[SourceVersion "1"]
[SourceVersionDate "2005.11.24"]
[SourceQuality "1"]

1. d4 Nf6 2. c4 g6 3. Nc3 Bg7 4. e4 d6 5. Nge2 c6 6. Ng3 0-0 7. Be2 Nbd7 8. 0-0 e5 9. d5 c5 10. f4 a6 11. f5 Qe7 12. Bg5 h6 13. Be3 g5 14. Qd2 Nh7 15. h4 f6 16. Nh5 Rf7 17. g3 Rb8 18. Rf2 b6 19. Rh2 Ndf8 20. Kf2 Bd7 21. a4 Be8 22. Rah1 Nd7 23. hxg5 hxg5 24. Qe1 Ndf8 25. Qf1 Rb7 26. Qh3 Qc7 27. Qg4 Re7 28. Nxg7 Rxg7 29. Rh6 Qe7 30. Qh3 Bf7 31. Bg4 Rc7 32. Qf1 Be8 33. Qd1 Bf7 34. Qb1 Be8 35. Be2 Bf7 36. b4 Rb7 37. b5 a5 38. Bg4 Be8 39. R1h2 Bf7 40. Qh1 Be8 41. Bd2 Bf7 42. Nd1 Be8 43. Ne3 Bf7 44. Bf3 Be8 45. Ng4 Bd7 46. R6h3 Kh8 47. Rh6 Kg8 48. Nxf6+ Nxf6 49. Rxf6 Qxf6 50. Rh8+ Kf7 51. Rh6 Ng6 52. Rxg6 Rxg6 53. fxg6+ Kxg6 54. Qh5+ Kg7 55. Bxg5 Qg6 1/2-1/2